Espectroscopía infrarroja /
Guardado en:
| Autor Principal: | |
|---|---|
| Formato: | Libro |
| Publicado: |
Washington :
O.e.a.,
1974
|
| Materias: | |
| Etiquetas: |
Agregar Etiqueta
Sin Etiquetas, Sea el primero en etiquetar este registro!
|
| LEADER | 00660nam a22001695a 4500 | ||
|---|---|---|---|
| 001 | CEM.cems004524 | ||
| 005 | 20060216000000.0 | ||
| 008 | 130507s1974##################000#0#####d | ||
| 003 | CEMS | ||
| 082 | 0 | 4 | |a 535.8 |
| 100 | 1 | |a Morcillo Rubio, Jesús | |
| 245 | 1 | 0 | |a Espectroscopía infrarroja / |
| 260 | |a Washington : |b O.e.a., |c 1974 | ||
| 300 | |a 74 p. | ||
| 505 | 0 | |a Principios de la termodinamica. Funciónes termodinamicas. Algunas aplicaciónes de la termodinamica a sistemas simples. Mecanica estadistica. Conjuntos estadisticos. Estadisticas de Bose-Einstein y de Fermi- Dirac | |
| 653 | |a Fisicoquímica | ||
| 859 | |a CEMS |b BIB. CEMS - 11 de abril |h 535.8 |i M799 |p 9942.81 |t Ej.1 | ||
